<The> Narrow Corridor States, Societies, and the Fate of Liberty

Gespeichert in:
Bibliographische Detailangaben
1. Verfasser: Acemoglu, Daron
Weitere Verfasser: Robinson, James A.
Format: Buch
Sprache:Englisch
Veröffentlicht: London VIKING 2019
Ausgabe:1st Edition
Schlagworte:
Tags: Tag hinzufügen
Keine Tags, Fügen Sie das erste Tag hinzu!

MARC

LEADER 00000nam a2200000 4500
001 0259521
005 20240221113026.5
020 |a 978-0-241-31431-9 
020 |a 978-0-241-31429-6 
041 0 |a eng 
044 |a GB 
245 1 0 |a <The> Narrow Corridor  |b States, Societies, and the Fate of Liberty  |c Daron Acemoglu and James A. Robinson 
250 |a 1st Edition 
264 1 |a London  |b VIKING  |c 2019 
300 |a 558 s. 
610 2 0 |a spoločnosť 
610 2 0 |a štát 
610 2 0 |a vývoj 
610 2 0 |a politika vnútorná 
610 2 0 |a moc politická 
610 2 0 |a vojny 
610 2 0 |a terorizmus 
610 2 0 |a hnutie revolučné 
610 2 0 |a hnutie národnooslobodzovacie 
610 2 0 |a sloboda 
610 2 0 |a boj politický 
610 2 0 |a vzťahy medzinárodné 
610 2 0 |a hnutie mierové 
100 1 |a Acemoglu, Daron 
700 1 |a Robinson, James A.